000 00305nam a2200097Ia 4500
082 _aR 347.01 SUPR
245 0 _aThe Supreme Court Act and the Magistrates' Courts Act and rules
100 _a South Africa Lansdowne, 2002 2nd ed
_963155
942 _cBK
008 210817s9999 xx 000 0 und d
999 _c199859
_d199858